1184 1542 1798 1526 1547 1690 1309 1714 1803 1402 1950 1718 1083 1829 1729 1989 1157 1749 1157 1222 1354 1268 1600 1851 1852 1673 1558 1932 1657 1270 1933 1299 1790 1044 1324 1650 1179 1341 1900 1182 1445 1553 1245 1644 1244 1288 1173 1267 1636 1909 1579 1638 1477 1538 1171 1128 1575 1618 1166 1723 1176 1588 1599 1313 1166 1195 1781 1504 1813 1634 1762 1599 1445 1157 1479 1022 1891 1005 1465 1724 1541 1377 1752 1579 1922 1548 1976 1019 1364 1031 1056 1499 1664 1436 1824 1760 1079 1686 1017 BCNSPRNW ULIB Ver.6.0+V

เปลี่ยนเป็นภาษาไทย

Change to English
 แสดงรายละเอียดบรรณานุกรม
  กลับหน้าหลัก

Brief Record : Get Marc (ISO 2709) : E-mail record : QR code < ปิดหน้าต่าง
LEADER : 00000nam 2200000uu 4500
001    13399111188
003     ULIB
008    110620s||||||||th 000 0 tha d
020    9789747109054
050  4 BF632^bก279ก 2550
100 0  กฤษฎา ขอดทอง
245 00 กำลังของหัวใจ /^cกฤษฎา ขอดทอง ... [และคนอื่นๆ]
260    กรุงเทพฯ :^bดวงกมลสมัย,^c2550
300    142 หน้า :^bภาพประกอบ ;^c18 ซม.
650  7 กำลังใจ
945    ^p140^l0^i021433
945    ^p140^l0^i021432
995    ทศพร
999 ^a ใช้งานได้ทุกระบบ
รายการนี้ยังไม่มีแท็ก
คุณยังไม่ได้ล็อกอิน คุณสามารถมีกิจกรรมร่วมกับเว็บไซต์ได้ แต่ต้องล็อกอินก่อน ::
  ล็อกอิน

รายการสื่อสารสนเทศ

ลำดับที่ ประเภท เลขเรียก/บาร์โค้ด สถานที่ สถานะ
- ไม่พบข้อมูล -

รายการใกล้เคียง
    ผู้แต่ง [กฤษฎา ขอดทอง]

    หัวเรื่อง [กำลังใจ]

BibComment


ยังไม่เคยถูกคอมเมนท์

คอมเมนท์ทรัพยากรรายการนี้
  คอมเมนท์: กำลังของหัวใจ กฤ..


 Copyright 2026. Bcnsprnw @Library